| 000 | 00415nam a2200157Ia 4500 | ||
|---|---|---|---|
| 008 | 210716s2015 xx 000 0 und d | ||
| 020 | _a9788120343443 | ||
| 041 | _aeng | ||
| 082 | _a658.3124 MCGE | ||
| 100 | _aMcGrath, E H. | ||
| 245 | _aTraining for life and leadership in industry. | ||
| 250 | _a4 | ||
| 260 |
_aNew Delhi _bPHI Learning Pvt Ltd _c2015 |
||
| 300 | _av,432 | ||
| 650 | _aTraining & Development | ||
| 999 |
_c209849 _d209849 |
||